Find the Code - Geography Edition #1 - Statistics

General Stats
  • This quiz has been taken 28 times
  • The average score is 31 of 51
Answers on the Map
Answers color-coded by a green-red scale on the quiz's map according to % correct below.
 
Answer Stats
Hint Answer % Correct
Biggest Cities Muslim Majority Countries Baghdad
96%
Biggest Cities Muslim Majority Countries Dubai
91%
Biggest Cities Muslim Majority Countries Jakarta
91%
Biggest Cities Muslim Majority Countries Riyadh
91%
Biggest Cities Muslim Majority Countries Cairo
87%
Biggest Cities Muslim Majority Countries Istanbul
87%
Biggest Cities Muslim Majority Countries Tehran
87%
Biggest Cities Muslim Majority Countries Algiers
83%
Biggest Cities Muslim Majority Countries Ankara
83%
Biggest Cities Muslim Majority Countries Kabul
83%
Biggest Cities Muslim Majority Countries Abu Dhabi
74%
Biggest Cities Muslim Majority Countries Casablanca
74%
Biggest Cities Muslim Majority Countries Karachi
74%
Biggest Cities Muslim Majority Countries Kuala Lumpur
74%
Biggest Cities Muslim Majority Countries Lahore
74%
Biggest Cities Muslim Majority Countries Mecca
74%
Biggest Cities Muslim Majority Countries Alexandria
70%
Biggest Cities Muslim Majority Countries Amman
70%
Biggest Cities Muslim Majority Countries Jeddah
70%
Biggest Cities Muslim Majority Countries Sanaa
70%
Biggest Cities Muslim Majority Countries Dhaka
65%
Biggest Cities Muslim Majority Countries Aleppo
57%
Biggest Cities Muslim Majority Countries Chittagong
57%
Biggest Cities Muslim Majority Countries Isfahan
57%
Biggest Cities Muslim Majority Countries Izmir
57%
Biggest Cities Muslim Majority Countries Mashhad
57%
Biggest Cities Muslim Majority Countries Surabaya
57%
Biggest Cities Muslim Majority Countries Hyderabad
52%
Biggest Cities Muslim Majority Countries Medan
52%
Biggest Cities Muslim Majority Countries Tashkent
52%
Biggest Cities Muslim Majority Countries Almaty
48%
Biggest Cities Muslim Majority Countries Bandung
48%
Biggest Cities Muslim Majority Countries Dakar
48%
Biggest Cities Muslim Majority Countries Peshawar
48%
Biggest Cities Muslim Majority Countries Adana
43%
Biggest Cities Muslim Majority Countries Bamako
43%
Biggest Cities Muslim Majority Countries Bekasi
43%
Biggest Cities Muslim Majority Countries Bursa
43%
Biggest Cities Muslim Majority Countries Conakry
43%
Biggest Cities Muslim Majority Countries Depok
43%
Biggest Cities Muslim Majority Countries Faisalabad
43%
Biggest Cities Muslim Majority Countries Gaziantep
43%
Biggest Cities Muslim Majority Countries Gazipur
43%
Biggest Cities Muslim Majority Countries Giza
43%
Biggest Cities Muslim Majority Countries Gujranwala
43%
Biggest Cities Muslim Majority Countries Multan
43%
Biggest Cities Muslim Majority Countries Omdurman
43%
Biggest Cities Muslim Majority Countries Ouagadougou
43%
CODE Q Z E U G T Y P O V
43%
Biggest Cities Muslim Majority Countries Rawalpindi
43%
Biggest Cities Muslim Majority Countries Tangerang
43%
No matching quizzes found
Score Distribution
Percent of People with Each Score
Percentile by Number Answered
Your Score History
You have not taken this quiz